000 nam a22 7a 4500
999 _c129472
_d129472
008 190425b xxu||||| |||| 00| 0 eng d
050 _aPC2129.E5 B43 1949
100 _aBerlitz schools of languages of America
_946001
245 _aThe Berlitz self-teacher:
_bFrench
_c/ by Berlitz schools of languages of America
260 _aNew York:
_bGrosset and Dunlap,
_c1949.
300 _aviii, 286p. ;
_c21cm.
650 _aFrench language
_xself-instruction
_946010
942 _2lcc
_cMONOGRAPH